Medical Staff Scheduling Using Simulated Annealing
Efektivita zdravotníckeho personálu, zlepšená algoritmom rozvrhu služieb.
Gespeichert in:
| 1. Verfasser: | |
|---|---|
| Weitere Verfasser: | , |
| Format: | Buchkapitel |
| Sprache: | Englisch |
| Schlagworte: | |
| Tags: |
Keine Tags, Fügen Sie das erste Tag hinzu!
|
MARC
| LEADER | 00000naa a2200000 4500 | ||
|---|---|---|---|
| 001 | 0211083 | ||
| 005 | 20241002082444.3 | ||
| 041 | 0 | |a eng | |
| 044 | |a SK | ||
| 245 | 1 | 0 | |a Medical Staff Scheduling Using Simulated Annealing |c Ladislav Rosocha, Silvia Vernerová, Róbert Verner |
| 520 | |a Efektivita zdravotníckeho personálu, zlepšená algoritmom rozvrhu služieb. | ||
| 610 | 2 | 0 | |a starostlivosť zdravotná |
| 610 | 2 | 0 | |a preferencie |
| 610 | 2 | 0 | |a kvalita |
| 610 | 2 | 0 | |a rozpis plánu |
| 610 | 2 | 0 | |a modely rozvrhovacie |
| 610 | 2 | 0 | |a simulácia |
| 100 | 1 | |a Rosocha, Ladislav | |
| 700 | 1 | |a Vernerová, Silvia | |
| 700 | 1 | |a Verner, Robert, 1986- | |